| 000 | 00596nam a2200205Ia 4500 | ||
|---|---|---|---|
| 005 | 20260429111924.0 | ||
| 008 | 260429s9999||||xx |||||||||||||| ||und|| | ||
| 020 | _a9781108485456 | ||
| 041 | _aEnglish | ||
| 082 |
_a427 _bBOH |
||
| 100 | _aBohmann, Axel | ||
| 245 | 0 |
_aVariation in English worldwide : _bregisters and global varieties / _cAxel Bohmann |
|
| 250 | _a1st ed. | ||
| 260 |
_aNew York : _bCambridge University Press, _c2020. |
||
| 300 | _axviii, 250 p.; hb | ||
| 650 | _a Sociolinguistics | ||
| 650 | _a World Englishes | ||
| 650 | _aEnglish language variation | ||
| 942 | _cTB | ||
| 999 |
_c51444 _d51444 |
||